000 00915nam a22002297a 4500
999 _c65303
_d65303
005 20240530110817.0
008 190703s2019 ua g d 000 0 ara d
017 _a5573
_bمصر. دار الكتب
020 _a977327716
040 _aEG-CaGPL
_cEG-CaGPL
082 0 4 _221
_a185 /
_bم م
100 0 _aمحمد جمال الكيلانى
245 1 0 _aمعجم المصطلحات الارسطية :
_bمفهومها ودلالتها للالفاظ العربية والانجليزية واليونانية القديمة /
_cمحمد جمال الكيلانى
250 _aط.1
260 _aالاسكندرية :
_bدار الوفاء لدنيا الطباعة و النشر،
_c2019.
300 _a502 ص. ؛
_c24 سم.
650 0 7 _2qrmak
_aفلسفة ارسطو
650 0 7 _2qrmak
_aالفلسفة
_vمعاجم
651 _2qrmak
942 _2ddc
_cBK